| 000 | 00823cam a2200253 4500 | ||
|---|---|---|---|
| 999 |
_c528961 _d528961 |
||
| 001 | 1711464 | ||
| 003 | NUST | ||
| 005 | 20190917073159.0 | ||
| 008 | 701202s1969 dcuabk b 000 0 eng | ||
| 010 | _a 70601829 | ||
| 038 | _aMSOHAIL | ||
| 040 |
_aDLC _cDLC _dDLC |
||
| 050 | 0 | 0 |
_aTL725.3.P5 _bU527 |
| 082 | 0 | 0 | _a629.13613 |
| 110 | 1 |
_aUnited States. _bFederal Aviation Administration. _920802 |
|
| 245 | 1 | 0 |
_aUtility airports; _bair access to national transportation. |
| 260 |
_aWashington; _bFor sale by the Supt. of Docs., U.S. Govt. Print. Off., _c1968 [i.e. 1969] |
||
| 300 |
_avii, 128 p. _billus. (part fold.), forms, map. _c26 cm. |
||
| 350 | _a1.75 | ||
| 504 | _aBibliography: p. 127-128. | ||
| 650 | 0 |
_aAirports _xPlanning. _97047 |
|
| 906 |
_a7 _bcbc _corignew _d4 _encip _f19 _gy-gencatlg |
||
| 942 |
_2ddc _cBK |
||